00218nam a22000857a 4500020001800000100002000018245003300038264004100071300002000112 a97899456495501 aMora, Jenif fer03aEl Método cuentas claras  aSanto Domingo :bPrintbarato,c2024. a186 páginas ;